Normal view
MARC view
- INDUSTRIAL HYGIENE-MANAGEMENT. INDUSTRIAL SAFETY-MANAGEMENT
Entry Topical Term
001 - CONTROL NUMBER
- control field: 64493
003 - CONTROL NUMBER IDENTIFIER
- control field: NUST
005 - DATE AND TIME OF LATEST TRANSACTION
- control field: 20210628203303.0
008 - FIXED-LENGTH DATA ELEMENTS
- fixed length control field: 210628|| aca||aabn | a|a d
040 ## - CATALOGING SOURCE
- Original cataloging agency: NUST
- Transcribing agency: NUST
150 ## - HEADING--TOPICAL TERM
- Topical term or geographic name entry element: INDUSTRIAL HYGIENE-MANAGEMENT. INDUSTRIAL SAFETY-MANAGEMENT
670 ## - SOURCE DATA FOUND
- Source citation: Work cat.: (NUST): Reese, Charles.D 64492, Occupational health and safety managment, a practical approach, 2009
